• 首页
  • 本馆介绍
  • 公告通知
  • 最新文献
  • 馆藏检索
  • 电子资源
  • 读者导购
  • 参考咨询
  • 我的图书馆
  • 登录
  • 详细信息显示
  • 放入我的书架
  • 预约/预借图书
  • 作者相关作品
  • 分类相关作品
  • 丛书相关作品
  • 出版社相关作品

书目信息

  • 表格格式
  • 工作单格式
  • 卡片格式
题名:
书之旅
    
 
作者: ;广西师范大学出版社 编
分册:  
出版信息: 桂林   广西师范大学出版社  2016
页数: 543页
开本: 21cm
丛书名:
单 册:
中图分类: G239.276.7
科图分类:
主题词:
电子资源:
ISBN: 978-7-5495-8957-9
000 00964nam0 22002411 450
001 1754505027
005 20170516112211.0
010    @a978-7-5495-8957-9@dCNY48.00
100    @a20170306d2016 em y0chiy50 ea
101 0  @achi
102    @aCN@b450000
105    @ay z 000yy
106    @ar
200 1  @a书之旅@9shu zhi lv@e一个出版社30年的故事@f本社编
210    @a桂林@c广西师范大学出版社@d2016
215    @a543页@d21cm
330    @a本书为庆祝广西师范大学出版社成立三十周年,回顾、总结三十年的发展历程,记录、保存几代师大出版人的宝贵精神财富与情感记忆,作者围绕书、人、事等方面笔歌墨舞,以书传情,记下自己在出版社工作时最动人心的故事与感受。
517 1  @a一个出版社30年的故事@9yi ge chu ban she 30nian de gu shi
601 02 @a广西师范大学@Aguang xi shi fan da xue@x出版社@x概况
690    @aG239.276.7@v5
711 02 @a广西师范大学出版社@9guang xi shi fan da xue chu ban she@4编
801  0 @aCN@b百万庄@c20170512
905    @b1005720-5@dG239.276.7@e80@f6
    
    书之旅:一个出版社30年的故事/本社编.-桂林:广西师范大学出版社,2016
    543页;21cm
    
    
    ISBN 978-7-5495-8957-9:CNY48.00
    本书为庆祝广西师范大学出版社成立三十周年,回顾、总结三十年的发展历程,记录、保存几代师大出版人的宝贵精神财富与情感记忆,作者围绕书、人、事等方面笔歌墨舞,以书传情,记下自己在出版社工作时最动人心的故事与感受。
●
相关链接 在E读中查询图书 在五车中查询图书 在当当中查询图书 在豆瓣中查询图书


正题名:书之旅     索取号:G239.276.7/80         预约/预借

序号 登录号 条形码 馆藏地/架位号 状态 备注
1 1005720   210057203   第一样本阅览室/ [索取号:G239.276.7/80] 在馆    
2 1005721   210057212   教育系资料室/ [索取号:G239.276.7/80] 在馆    
3 1005722   210057221   教育系资料室/ [索取号:G239.276.7/80] 在馆    
4 1005723   210057230   教育系资料室/ [索取号:G239.276.7/80] 在馆    
5 1005724   210057249   第四借阅区/ [索取号:G239.276.7/80] 在馆    
6 1005725   210057258   第四借阅区/ [索取号:G239.276.7/80] 在馆    
唐山师范学院图书馆 欢迎您!
大连网信软件有限公司© 版权所有